IN THEIR TIME THE GREATEST BUSINESS LEAD (Record no. 22753)

MARC details
000 -LEADER
fixed length control field 00353nam a2200133Ia 4500
008 - FIXED-LENGTH DATA ELEMENTS--GENERAL INFORMATION
fixed length control field 240624s9999 xx 000 0 und d
041 ## - LANGUAGE CODE
Language code of text/sound track or separate title eng
082 ## - DEWEY DECIMAL CLASSIFICATION NUMBER
Classification number 338.092273 MAY
100 ## - MAIN ENTRY--PERSONAL NAME
Personal name MAYO ANTHONY J
245 ## - TITLE STATEMENT
Title IN THEIR TIME THE GREATEST BUSINESS LEAD
260 ## - PUBLICATION, DISTRIBUTION, ETC.
Date of publication, distribution, etc. 2005
Place of publication, distribution, etc. Boston
Name of publisher, distributor, etc. Harvard Business School Press
300 ## - PHYSICAL DESCRIPTION
Extent 464 : p.
365 ## - TRADE PRICE
Currency code
Price amount 25
Holdings
Withdrawn status Lost status Damaged status Not for loan Home library Current library Shelving location Date acquired Source of acquisition Cost, normal purchase price Full call number Barcode Date last seen Copy number Price effective from Koha item type
        IMTN IMTN Rack 11-B 05/28/2014 AP 35.00 338.092273 MAY 22753 06/24/2024 63.6 06/24/2024 Books
Designed & Maintained by: LRC IMT Nagpur Contact: lrc@imtnag.ac.in© 2024. All Rights Reserved.